00673 2200253 4500001002100000005001700021008004100038020001800079035002400097082001400121090002100135100001800156245004900174250001000223260003500233300003100268500003100299650002600330850001500356980001300371985000600384986001400390999001500404YOGYA-0209000001058820090227022044.0 ind  a979-539-007-4 0010-020900000010588 a338.17374 a338.17374bJok K aJOKO RUSMANTO aKakaobKajian Sosial EkonomicJoko Roesmanto aCet.1 aYogyakartabAditya Mediac1991 axxii, 165 hlmbilusc21 cm aBibliografi : hlm. 161-162 aKakao - Aspek Ekonomi aYOPDYOG(B) a19-07-05 a1 aMARrthrev a98P0117260